| Tag |
First Indicator |
Second Indicator |
Subfields |
| LEADER |
00000cam a22000004a 4500 |
| 001 |
in00002018513 |
| 005 |
20151031184556.0 |
| 008 |
040831s2005 cau b 001 0 eng |
| 010 |
|
|
|a 2004020703
|
| 020 |
|
|
|a 078797157X (alk. paper)
|
| 035 |
|
|
|a (OCoLC)ocm56482124
|
| 040 |
|
|
|a DLC
|c DLC
|d UtOrBLW
|
| 042 |
|
|
|a pcc
|
| 049 |
|
|
|a TXAM
|
| 050 |
0 |
0 |
|a LB1025.3
|b .E37 2005
|
| 082 |
0 |
0 |
|a 371.102
|2 22
|
| 100 |
1 |
|
|a Egan, Kieran.
|
| 245 |
1 |
3 |
|a An imaginative approach to teaching /
|c Kieran Egan.
|
| 250 |
|
|
|a 1st ed.
|
| 264 |
|
1 |
|a San Francisco :
|b Jossey-Bass,
|c [2005]
|
| 264 |
|
4 |
|c ©2005
|
| 300 |
|
|
|a xviii, 251 pages ;
|c 24 cm.
|
| 336 |
|
|
|a text
|b txt
|2 rdacontent
|
| 337 |
|
|
|a unmediated
|b n
|2 rdamedia
|
| 338 |
|
|
|a volume
|b nc
|2 rdacarrier
|
| 504 |
|
|
|a Includes bibliographical references (pages 235-236) and index.
|
| 505 |
0 |
|
|a Introduction : imagination underfoot -- A tool kit for learning : story, metaphor, binary opposites, rhyme, rhythm, and pattern, jokes and humor, mental imagery, gossip, play, mystery, embryonic tools of literacy -- A tool kit for literacy : sense of reality, extremes of experience and limits of reality, association with heroes, sense of wonder, collections and hobbies, knowledge and human meaning, narrative understanding, revolt and idealism, changing the context, literate eye, embryonic tools of theoretic thinking -- A tool kit for theoretic thinking : sense of abstract reality, sense of agency, grasp of general ideas and their anomalies, search for authority and truth, meta-narrative understanding -- Conclusion : imagination every day -- Appendix A. Mythic framework -- Appendix B. Romantic framework -- Appendix C. Philosophic framework.
|
| 650 |
|
0 |
|a Teaching.
|
| 650 |
|
0 |
|a Creative thinking
|x Study and teaching.
|
| 650 |
|
0 |
|a Imagination in children.
|
| 945 |
|
|
|i PromptCat
|
| 948 |
|
|
|a cataloged
|b h
|c 2005/3/1
|d c
|e dmitchel
|f 2:24:32 pm
|
| 994 |
|
|
|a 92
|b TXA
|
| 999 |
|
|
|a MARS
|
| 999 |
f |
f |
|s 38b6ef4f-001f-3e2b-91ed-aee225df01ef
|i ec1de712-5417-35be-9678-e670b21d845b
|t 0
|
| 952 |
f |
f |
|p normal
|a Texas A&M University
|b College Station
|c Sterling C. Evans Library
|d Evans: Library Stacks
|t 0
|e LB1025.3 .E37 2005
|h Library of Congress classification
|i unmediated -- volume
|m A14832316701
|
| 998 |
f |
f |
|a LB1025.3 .E37 2005
|t 0
|l Evans: Library Stacks
|